Lettre d'Hardin dans After - Statistiques

Statistiques générales
  • Ce quiz a été pris 3 fois
  • Le résultat moyen est 45 sur 129
Statistiques - réponses
Réponse % Correct
a
100%
i
67%
all
33%
and
33%
another
33%
any
33%
are
33%
asked
33%
Bennett
33%
book
33%
but
33%
by
33%
center
33%
changed
33%
claiming
33%
completely
33%
consumed
33%
could
33%
damage
33%
Darcy
33%
darkness
33%
Elizabeth
33%
fictional
33%
find
33%
fools
33%
forgive
33%
found
33%
from
33%
hand
33%
heal
33%
Heathcliff
33%
her
33%
hers
33%
hundreds
33%
i'm
33%
in
33%
inside
33%
it
33%
it's
33%
I've
33%
let
33%
life
33%
love
33%
loved
33%
made
33%
me
33%
met
33%
mine
33%
most
33%
my
33%
myself
33%
needed
33%
never
33%
novels
33%
of
33%
once
33%
only
33%
our
33%
out
33%
pages
33%
please
33%
read
33%
same
33%
she
33%
showed
33%
since
33%
something
33%
sorry
33%
souls
33%
survive
33%
that
33%
the
33%
them
33%
they
33%
this
33%
thought
33%
to
33%
took
33%
universe
33%
until
33%
us
33%
was
33%
we
33%
were
33%
what
33%
who
33%
world
33%
worn
33%
would
33%
you
33%
utterly
0%
wathever
0%
Aucun quiz correspondant
Distribution des résultats
% des personnes avec chaque résultat
Percentile par nombre de réponses
Votre historique - résultats
Vous n’avez pas pris ce quiz